00663nam a2200217Ia 4500003000400000005001700004008004100021020001500062040001800077041000800095082002000103100002000123245007000143250001200213260004200225300002700267650003100294650004700325650004900372700002400421OSt20241111144244.0210716s2002 xx 000 0 und d a0415195500 cAIMIT LIBRARY aeng a651.7 21bHARP aHartley, Peter. aBusiness communication /cBy Peter Hartley and Clive G Bruckmann. a1st ed. aNew Delhi :bAne Books India ,c2002. axvi,382p. ;bPBc25 cm aCommunication fundamentals aCommunication and organizations in context aInterpersonal communication in organizations aBruckmann, Clive G.